[Event "Gran Canaria U1900 op"]
[Site "Gran Canaria"]
[Date "2023.01.04"]
[Round "7"]
[White "Rivero Pena, Himar"]
[Black "Perez Betancor, Jose Luis"]
[Result "0-1"]
[WhiteElo "1678"]
[BlackElo "1556"]
[PlyCount "108"]
[EventDate "2022.12.27"]
[EventType "swiss"]
[EventRounds "7"]
[EventCountry "ESP"]
[SourceTitle "CBM 212 Extra"]
[Source "ChessBase"]
[SourceDate "2023.03.31"]
[SourceVersion "1"]
[SourceVersionDate "2023.03.31"]
[SourceQuality "1"]

1. e4 e5 2. Nf3 Nc6 3. Bc4 Nf6 4. d3 Bc5 5. Nc3 a6 6. 0-0 d6 7. Be3 Ba7 8. Bxa7 Nxa7 9. d4 exd4 10. Nxd4 0-0 11. Re1 b5 12. Bb3 c5 13. Nf5 Bxf5 14. exf5 c4 15. g4 Re8 16. Qf3 h6 17. Rad1 Rxe1+ 18. Rxe1 cxb3 19. axb3 Rc8 20. Qb7 Nc6 21. h3 Ne5 22. f4 Rb8 23. Qg2 Qb6+ 24. Kh2 Ned7 25. g5 hxg5 26. fxg5 Nh5 27. Nd5 Qd4 28. Ne7+ Kf8 29. Re4 Qd1 30. Qg4 Qxg4 31. hxg4 Re8 32. gxh5 Rxe7 33. Rxe7 Kxe7 34. Kg3 f6 35. g6 Ne5 36. Kf4 d5 37. b4 Nc6 38. c3 d4 39. Ke4 dxc3 40. bxc3 a5 41. bxa5 Nxa5 42. Kd5 Nb7 43. Kc6 Nd6 44. h6 gxh6 45. g7 Kf7 46. g8Q+ Kxg8 47. Kxd6 h5 48. Kd5 h4 49. Ke4 Kh7 50. Kf4 h3 51. Kg3 Kh6 52. Kxh3 Kg5 53. Kg3 Kxf5 54. Kf3 Ke5 0-1

[Event "Gran Canaria U1900 op"]
[Site "Gran Canaria"]
[Date "2022.12.30"]
[Round "4"]
[White "Rivero Pena, Himar"]
[Black "Mayor Viera, Aaron"]
[Result "1-0"]
[WhiteElo "1678"]
[BlackElo "1228"]
[PlyCount "51"]
[EventDate "2022.12.27"]
[EventType "swiss"]
[EventRounds "7"]
[EventCountry "ESP"]
[SourceTitle "CBM 212 Extra"]
[Source "ChessBase"]
[SourceDate "2023.03.31"]
[SourceVersion "1"]
[SourceVersionDate "2023.03.31"]
[SourceQuality "1"]

1. e4 e5 2. Nf3 Nc6 3. Bc4 Nf6 4. d3 d5 5. exd5 Nxd5 6. 0-0 Bd6 7. Bxd5 0-0 8. Nc3 Qf6 9. Ne4 Qe7 10. Bg5 Qd7 11. Bf6 b6 12. Bxc6 Qxc6 13. Bxe5 Bg4 14. Bxd6 cxd6 15. h3 Bh5 16. c3 Rfe8 17. Ng3 Bg6 18. Nh4 d5 19. Nxg6 Qxg6 20. Qf3 Red8 21. Rfe1 f6 22. Re7 Kh8 23. Qf5 Qh6 24. Rae1 d4 25. Qh5 Qd2 26. Re8+ 1-0

[Event "Las Palmas Senora de Los Dolores 3rd"]
[Site "Las Palmas"]
[Date "2018.11.09"]
[Round "6.3"]
[White "Rivero Pena, Himar"]
[Black "Marrero Rodriguez, Jorge"]
[Result "1-0"]
[WhiteElo "1422"]
[BlackElo "1278"]
[PlyCount "119"]
[EventDate "2018.10.23"]
[EventType "swiss"]
[EventRounds "7"]
[EventCountry "ESP"]
[SourceTitle "EXT 2024"]
[Source "ChessBase"]
[SourceDate "2023.10.10"]
[SourceVersion "1"]
[SourceVersionDate "2023.10.10"]
[SourceQuality "1"]

1. e4 c5 2. Nf3 d6 3. d4 cxd4 4. Nxd4 Nf6 5. Nc3 a6 6. f3 e5 7. Nb3 Be6 8. Be3 Be7 9. Qd2 0-0 10. 0-0-0 Nbd7 11. h4 b5 12. g4 Qc7 13. g5 Nh5 14. Nd5 Bxd5 15. Qxd5 Rac8 16. Qd2 Nc5 17. Bh3 Nxb3+ 18. axb3 Ra8 19. Bg4 g6 20. Bxh5 gxh5 21. f4 Rfd8 22. f5 Rac8 23. Qf2 Qc6 24. Qg2 Kh8 25. Rd2 Rg8 26. Qf3 Bd8 27. Rg1 Ba5 28. Re2 Bb6 29. Bxb6 Qxb6 30. Rd1 Qa5 31. Kb1 Qc7 32. Qxh5 Rg7 33. Qh6 Rcg8 34. Qxd6 Rc8 35. Qxc7 Rxc7 36. Rd6 Rg8 37. Rxa6 Rd8 38. f6 Rd1+ 39. Ka2 Rc8 40. b4 Rb8 41. Ra7 Kg8 42. Re7 Rh1 43. Rxe5 Rh3 44. c3 Rxh4 45. Rd2 Rh5 46. Rxb5 Re8 47. Re5 Ra8+ 48. Kb3 h6 49. Rg2 Kf8 50. gxh6 Rxh6 51. Reg5 Rh8 52. b5 Ke8 53. b6 Kd7 54. Rb5 Ke6 55. b7 Rab8 56. e5 Rh3 57. Rd2 Rh6 58. Rd6+ Kf5 59. Rd7 Ke6 60. Re7+ 1-0

[Event "Las Palmas Insular-chT Segunda 1718"]
[Site "Las Palmas"]
[Date "2017.12.16"]
[Round "4.4"]
[White "Rivero Pena, Himar"]
[Black "Aleman Sosa, Braulio"]
[Result "0-1"]
[WhiteElo "1295"]
[BlackElo "1474"]
[PlyCount "104"]
[EventDate "2017.10.28"]
[EventType "team-swiss"]
[EventRounds "9"]
[EventCountry "ESP"]
[SourceTitle "EXT 2019"]
[Source "ChessBase"]
[SourceDate "2018.10.10"]
[SourceVersion "1"]
[SourceVersionDate "2018.10.10"]
[SourceQuality "1"]
[WhiteTeam "Panaderia Pulido San Mateo II"]
[BlackTeam "La Aldea"]
[WhiteTeamCountry "ESP"]
[BlackTeamCountry "ESP"]

1. e4 c5 2. Nf3 d6 3. d4 cxd4 4. Bb5+ Bd7 5. Bxd7+ Nxd7 6. Nxd4 g6 7. b3 Bg7 8. Bb2 Ngf6 9. Nc3 0-0 10. 0-0 h6 11. Nf3 Nxe4 12. Qd3 Nxc3 13. Bxc3 Bxc3 14. Qxc3 e6 15. h3 d5 16. Nh2 a6 17. Ng4 Kh7 18. Qd4 f5 19. Ne5 Qb6 20. Qc3 Qd6 21. Rfe1 Nf6 22. Qg3 Rg8 23. f4 Rg7 24. Qh4 Ne4 25. Nf3 Rc8 26. Rac1 Rc3 27. Ne5 Qc5+ 28. Kh2 Rxc2 29. Rxc2 Qxc2 30. Nf3 Qc8 31. Ng5+ Nxg5 32. fxg5 h5 33. g4 Qc7+ 34. Kh1 fxg4 35. hxg4 Qf4 36. Kg2 Re7 37. Rf1 Qe4+ 38. Kg3 Qxg4+ 39. Qxg4 hxg4 40. Kxg4 e5 41. Rd1 d4 42. Kf3 e4+ 43. Kf4 e3 44. Kf3 e2 45. Re1 d3 46. Rh1+ Kg7 47. Kf2 d2 48. b4 e1Q+ 49. Rxe1 dxe1Q+ 50. Kg2 Re3 51. b5 Rg3+ 52. Kh2 Qg1# 0-1

[Event "Gran Canaria-ch U08"]
[Site "Gran Canaria"]
[Date "2013.03.08"]
[Round "2.2"]
[White "Gonzalez Sastron, Pablo"]
[Black "Rivero Pena, Himar"]
[Result "0-1"]
[WhiteElo "1200"]
[BlackElo "1200"]
[PlyCount "102"]
[EventDate "2013.03.08"]
[EventType "swiss"]
[EventRounds "5"]
[EventCountry "ESP"]
[SourceTitle "EXT 2024"]
[Source "ChessBase"]
[SourceDate "2023.10.10"]
[SourceVersion "1"]
[SourceVersionDate "2023.10.10"]
[SourceQuality "1"]

1. e4 e5 2. Nf3 Nc6 3. Nc3 Nf6 4. Bc4 Bc5 5. Ng5 0-0 6. d3 d6 7. Qf3 Bg4 8. Bxf7+ Kh8 9. Ne6 Qe7 10. Bh6 Rxf7 11. Qg3 Qxe6 12. f3 Bh5 13. Bg5 h6 14. Bh4 g5 15. Bxg5 hxg5 16. Qxg5 Nh7 17. Qxh5 Rg7 18. Nb5 Qd7 19. Rd1 Bb4+ 20. c3 Bc5 21. Rd2 Be3 22. Re2 Bc5 23. d4 exd4 24. cxd4 Bb4+ 25. Nc3 Nxd4 26. Rd2 Bc5 27. Nd5 c6 28. Nf6 Qe6 29. Qh4 Bb4 30. g4 Bxd2+ 31. Kxd2 Qxa2 32. g5 Qxb2+ 33. Kd3 Rf8 34. g6 Rxf6 35. Qxf6 Nxf6 36. Rg1 Nxf3 37. Rg3 Qb3+ 38. Ke2 Nxe4 39. Rh3+ Rh7 40. Rxh7+ Kg8 41. g7 Kxh7 42. Kf1 Qd1+ 43. Kg2 Qe2+ 44. Kh3 Qxh2+ 45. Kg4 Qg3+ 46. Kf5 Qg5+ 47. Ke6 Qf6+ 48. Kd7 Kg8 49. Kc8 Qe6+ 50. Kc7 Nc5 51. Kd8 Qd7# 0-1

[Event "Gran Canaria-ch U08"]
[Site "Gran Canaria"]
[Date "2013.03.08"]
[Round "1.3"]
[White "Rivero Pena, Himar"]
[Black "Gonzalez Sastron, David"]
[Result "1-0"]
[WhiteElo "1200"]
[BlackElo "1200"]
[PlyCount "31"]
[EventDate "2013.03.08"]
[EventType "swiss"]
[EventRounds "5"]
[EventCountry "ESP"]
[SourceTitle "EXT 2024"]
[Source "ChessBase"]
[SourceDate "2023.10.10"]
[SourceVersion "1"]
[SourceVersionDate "2023.10.10"]
[SourceQuality "1"]

1. e4 e5 2. Nf3 Nf6 3. Nc3 Nc6 4. Bc4 Bc5 5. 0-0 0-0 6. d3 d6 7. Bg5 Bg4 8. Nd5 Nd4 9. c3 Nxf3+ 10. gxf3 Bh3 11. Re1 h6 12. Bxf6 gxf6 13. Qd2 Kh8 14. Qxh6+ Kg8 15. Qxh3 Bxf2+ 16. Kxf2 1-0